Меры движения

Detalles Bibliográficos
Autor principal: Грдина Я. И. Ярослав Иванович
Autor Corporativo: Екатеринославское высшее горное училище (ЕВГУ)
Sumario:Текст в русской дореформенной орфографии
Печатано на основании постановления Совета Екатеринославского Высшего Горного Училища.
Lenguaje:ruso
Publicado: Екатеринослав, Типография Губернского Земства, 1907
Materias:
Formato: MixedMaterials Libro
KOHA link:https://koha.lib.tpu.ru/cgi-bin/koha/opac-detail.pl?biblionumber=358234

MARC

LEADER 00000nam0a2200000 4500
001 358234
005 20231102011055.0
035 |a (RuTPU)RU\TPU\retro\15502 
090 |a 358234 
100 |a 20200814d1907 km y0rusy50 ca 
101 0 |a rus 
102 |a RU 
105 |a y z 000zy 
200 1 |a Меры движения  |f Я. И. Грдина  |g Екатеринославское высшее горное училище (ЕВГУ) 
210 |a Екатеринослав  |c Типография Губернского Земства  |d 1907 
215 |a 58 с. 
300 |a Текст в русской дореформенной орфографии 
300 |a Печатано на основании постановления Совета Екатеринославского Высшего Горного Училища. 
316 |5 63413507: 31//465  |a На титульном листе дарственная надпись: "Многоуважаемому Аркадию Валерьяновичу Лаврскому от автора" 
317 |5 63413507: 31//465  |a Поступил в НТБ в 1945 г. в составе книжного собрания профессора ТПИ А. В. Лаврского 
606 1 |a Движение  |x (механика)  |2 stltpush  |3 (RuTPU)RU\TPU\subj\8929  |9 36239 
610 1 |a меры 
610 1 |a теоретическая механика 
610 1 |a функции 
610 1 |a живая сила 
610 1 |a законы 
610 1 |a причинность 
610 1 |a динамика 
610 1 |a изолированные системы 
610 1 |a Коллекция А. В. Лаврского 
610 1 |a дарственные надписи 
610 1 |a дары автора 
675 |a 531.1  |v 4 
700 1 |a Грдина  |b Я. И.  |c российский механик, инженер  |c профессор Екатеринославского высшего горного училища  |f 1871-1931  |g Ярослав Иванович  |2 stltpush  |3 (RuTPU)RU\TPU\pers\31932  |9 16001 
712 0 2 |a Екатеринославское высшее горное училище (ЕВГУ)  |c (1899-1912)  |2 stltpush  |3 (RuTPU)RU\TPU\col\17465 
801 1 |a RU  |b 63413507  |c 20200814 
801 2 |a RU  |b 63413507  |c 20211006  |g RCR 
942 |c BK